Founding Brothers: The Revolutionary Generation / (Record no. 616852)

000 -LEADER
fixed length control field 00380nam a22001337a 4500
020 ## - INTERNATIONAL STANDARD BOOK NUMBER
Qualifying information PB.
040 ## - CATALOGING SOURCE
Transcribing agency FIZZA ISHAQ
082 ## - DEWEY DECIMAL CLASSIFICATION NUMBER
Classification number 973.4092
Author Mark ELL
100 ## - MAIN ENTRY--PERSONAL NAME
Personal name Ellis, Joseph J.
9 (RLIN) 133890
245 ## - TITLE STATEMENT
Title Founding Brothers: The Revolutionary Generation /
Statement of responsibility, etc. Joseph J Ellis.
260 ## - PUBLICATION, DISTRIBUTION, ETC.
Place of publication, distribution, etc. New York:
Name of publisher, distributor, etc. Vintage,
Date of publication, distribution, etc. 2000.
300 ## - PHYSICAL DESCRIPTION
Extent 288 p. ;
Dimensions 5.16 x 0.69 x 7.99 inches
942 ## - ADDED ENTRY ELEMENTS (KOHA)
Source of classification or shelving scheme
Koha item type Book
Holdings
Withdrawn status Lost status Source of classification or shelving scheme Damaged status Not for loan Permanent Location Current Location Shelving location Date acquired Total Checkouts Full call number Barcode Date last seen Price effective from Koha item type
          NUST Baluchistan Campus (NBC) NUST Baluchistan Campus (NBC) General Stacks 04/06/2026   973.4092 ELL QD-740 04/06/2026 04/06/2026 Book
© 2023 Central Library, National University of Sciences and Technology. All Rights Reserved.